Statistics for Empires Bigger Than The Roman Empire

Click here to take the quiz!

General Stats

  • This quiz has been taken 55 times
    (39 since last reset)
  • The average score is 7 of 16

Answer Stats

ContinentAnswer% Correct
All ContinentsBritish Empire
83%
EurasiaRussian Empire
74%
Afro-Eurasia and South AmericaFrench Empire
71%
North America and AsiaUnited States
71%
EurasiaMongol Empire
69%
Eurasia and The AmericasSpanish Empire
69%
Asia and OceaniaEmpire of Japan
57%
Afro-EurasiaAchaemenid Empire
46%
Afro-Eurasia and South AmericaPortuguese Empire
46%
AsiaQing Dynasty
46%
Afro-EurasiaMacedonian Empire
31%
South AmericaBrazilian Empire
29%
AsiaYuan Dynasty
23%
EurasiaGolden Horde
11%
AsiaGöktürk Khaganate
9%
Afro-EurasiaIslamic Caliphate
9%

Score Distribution

Percentile by Number Answered

Percent of People with Each Score

Your Score History

You have not taken this quiz since the last reset